| 000 | 006470000a22002290004500 | ||
|---|---|---|---|
| 003 | LK-CoMWRAF | ||
| 005 | 20230923234630.0 | ||
| 008 | 230817t ||||| |||| 00| 0 eng d | ||
| 020 | _a0712672818 | ||
| 040 |
_aLK-CoMWRAF _dLK-CoMWRAF _eLK-CoMWRAF |
||
| 041 | _aeng | ||
| 082 |
_a261.243 _bHAN |
||
| 100 | _aHanh, Thich Nhat | ||
| 245 | _aLiving Buddha, living Christ | ||
| 260 |
_aLondon : _bRiverhead books, _c1995 |
||
| 300 | _a208p | ||
| 650 | _aJesus Christ -- Buddhist interpretations | ||
| 650 | _aChristianity and other religions -- Buddhism | ||
| 650 | _aBuddhism | ||
| 650 | _aBuddhism Related to Christianity | ||
| 942 | _cBK | ||
| 999 |
_c2183 _d2183 |
||